Supreme Court on Contract &Specific Relief (Record no. 15610)

MARC details
000 -LEADER
fixed length control field 00464nam a22001577a 4500
008 - FIXED-LENGTH DATA ELEMENTS--GENERAL INFORMATION
fixed length control field 160209b xxu||||| |||| 00| 0 eng d
020 ## - INTERNATIONAL STANDARD BOOK NUMBER
International Standard Book Number 8170126428
100 ## - MAIN ENTRY--PERSONAL NAME
Personal name Malik Surendra
245 ## - TITLE STATEMENT
Title Supreme Court on Contract &Specific Relief
Statement of responsibility, etc. Surendra Malik
260 ## - PUBLICATION, DISTRIBUTION, ETC. (IMPRINT)
Place of publication, distribution, etc. New Delhi
Name of publisher, distributor, etc. Eastern Book Company
Date of publication, distribution, etc. 2009
300 ## - PHYSICAL DESCRIPTION
Extent 691p.
650 ## - SUBJECT ADDED ENTRY--TOPICAL TERM
Topical term or geographic name as entry element Contract
650 ## - SUBJECT ADDED ENTRY--TOPICAL TERM
Topical term or geographic name as entry element Equitable remedies
700 ## - ADDED ENTRY--PERSONAL NAME
Personal name Sudeep Malik
942 ## - ADDED ENTRY ELEMENTS (KOHA)
Source of classification or shelving scheme Library of Congress Classification
Koha item type General Collection
Classification part KNS 810
Call number prefix .M35 2009 C.1
Holdings
Withdrawn status Lost status Source of classification or shelving scheme Not for loan Home library Current library Shelving location Date acquired Cost, normal purchase price Total Checkouts Full call number Barcode Date last seen Price effective from Koha item type
    Library of Congress Classification   Kabarak, Main Campus Kabarak, Main Campus General Stacks 09/02/2016 5700.00   KNS 810 .M35 2009 V.2 C.1 016796 09/02/2016 09/02/2016 General Collection
    Library of Congress Classification   Kabarak, Main Campus Kabarak, Main Campus General Stacks 09/02/2016 5700.00   KNS 810 .M35 2009 V.1 C.1 016798 09/02/2016 09/02/2016 General Collection
Designed with assistance from East African Informatics Ltd